Otázky teórie a praxe riadenia i organizovania stavebníctva v podmienkach automatizácie

Saved in:
Bibliographic Details
Main Author: Húska, Augustín Marián (Author)
Format: Manuscript Book
Language:Slovak
Published: Bratislava : SVŠT v Bratislave SvF, 1979
Tags: Add Tag
No Tags, Be the first to tag this record!

MARC

LEADER 00000ntm a22000003a 4500
001 stu82549
005 20160721140249.3
008 031120s1979----cs------------------slo-d
040 |a STU  |b slo 
041 0 |a slo 
044 |a cs 
080 |a 65.01(043.5) 
080 |a 35.07 
080 |a 330.1  |7 stu_us_auth*stu8076 
100 1 |a Húska, Augustín Marián  |4 aut 
245 1 |a Otázky teórie a praxe riadenia i organizovania stavebníctva v podmienkach automatizácie 
260 |a Bratislava :  |b SVŠT v Bratislave SvF,  |c 1979 
300 |a 130 s.;schémy 
996 |b 284V012659  |c V*2226/HP-112  |l VVS  |s A  |a 24  |w stu82549_0001